Central Library OPAC University of Rajshahi

Introduction to the "Anglo-American cataloguing rules" / (Record no. 608)

MARC details
000 -LEADER
fixed length control field 00797nam a2200265 a 4500
001 - CONTROL NUMBER
control field 608
003 - CONTROL NUMBER IDENTIFIER
rucl marc code BD-RjUL
005 - DATE AND TIME OF LATEST TRANSACTION
control field 20211208233215.0
008 - FIXED-LENGTH DATA ELEMENTS--GENERAL INFORMATION
fixed length control field 880808s1971 enk b 001 0 eng
020 ## - INTERNATIONAL STANDARD BOOK NUMBER
International Standard Book Number 0233960333
035 ## - SYSTEM CONTROL NUMBER
System control number (BD-RjUL)626
040 ## - CATALOGING SOURCE
Original cataloging agency DLC
Transcribing agency DLC
Language of cataloging eng
Modifying agency BD-RjUL
041 ## - LANGUAGE CODE
Language code of text/sound track or separate title eng
082 ## - DEWEY DECIMAL CLASSIFICATION NUMBER
Classification number 025.32
Author mark and year ESI 1971
100 1# - MAIN ENTRY--PERSONAL NAME
Personal name Escreet, Phillip K.
9 (RLIN) 1857
245 10 - TITLE STATEMENT
Title Introduction to the "Anglo-American cataloguing rules" /
Statement of responsibility, etc. [by] P. K. Escreet with a foreword by N. F. Sharp
260 ## - PUBLICATION, DISTRIBUTION, ETC. (IMPRINT)
Place of publication, distribution, etc. London :
Name of publisher, distributor, etc. Deutsch,
Date of publication, distribution, etc. 1971.
300 ## - PHYSICAL DESCRIPTION
Pagination 384 p. ;
Size 23 cm.
490 0# - SERIES STATEMENT
Series statement A Grafton book
504 ## - BIBLIOGRAPHY, ETC. NOTE
Bibliography, etc Bibliography: p. 368-373
Bibliography, etc Index: p.373-384
650 #7 - SUBJECT ADDED ENTRY--TOPICAL TERM
Source of heading or term SLSH
Topical term or geographic name as entry element Anglo-American cataloging rules
Form subdivision British text
9 (RLIN) 1858
700 1# - ADDED ENTRY--PERSONAL NAME
Personal name Sharp, N. F.
942 ## - ADDED ENTRY ELEMENTS (KOHA)
Source of classification or shelving scheme Dewey Decimal Classification
Koha item type Books
Holdings
Lost status Source of classification or shelving scheme Damaged status Not for loan Collection code Permanent Location Current Location Shelving location Date acquired Source of acquisition Total Checkouts Full call number Date last seen Copy number Koha item type
  Dewey Decimal Classification   Not For Loan Non-fiction Central Library, University of Rajshahi Central Library, University of Rajshahi Reading Room 10/02/1988 Britain Gift   025.32 ESI 1971 18/11/2013 C-1 Books